Quản trị nhân sự tổng thể : Mục tiêu - chiến lược - công cụ

保存先:
書誌詳細
第一著者: Hilb, Martin
フォーマット: 図書
言語:Undetermined
出版事項: Hà Nội Thống Kê 2003
主題:
タグ: タグ追加
タグなし, このレコードへの初めてのタグを付けませんか!
Thư viện lưu trữ: Trung tâm Học liệu Trường Đại học Cần Thơ
LEADER 00578nam a2200205Ia 4500
001 CTU_74688
008 210402s9999 xx 000 0 und d
020 |b 30000 
082 |a 658.3 
082 |b H641 
100 |a Hilb, Martin 
245 0 |a Quản trị nhân sự tổng thể : 
245 0 |b Mục tiêu - chiến lược - công cụ 
245 0 |c Martin Hilb 
260 |a Hà Nội 
260 |b Thống Kê 
260 |c 2003 
650 |a Personnel management 
904 |i Tuyến 
980 |a Trung tâm Học liệu Trường Đại học Cần Thơ